Latex với gói lệnh và phần mềm công cụ
Giới thiệu những điều cơ bản nhất khi sử dụng Latex như: Cấu trúc văn bản, lệnh và môi trường, văn bản toán học, những lỗi khi sử dụng Latex, công cụ định dạng cơ bản, các dạng bảng biểu, vẽ hình và quản lí hình vẽ, tra cứu, chỉ dẫn, sử dụng phần mềm PCTex và Miktex...
Bewaard in:
| Hoofdauteur: | |
|---|---|
| Formaat: | Boek |
| Taal: | Vietnamese |
| Gepubliceerd in: |
H.
Đại học Quốc gia Hà Nội
2004
|
| Onderwerpen: | |
| Tags: |
Voeg label toe
Geen labels, Wees de eerste die dit record labelt!
|
| Thư viện lưu trữ: | Mạng thư viện Đại học Đà Nẵng |
|---|
| LEADER | 01402nam a2200325 4500 | ||
|---|---|---|---|
| 001 | 000009385 | ||
| 003 | 5582 | ||
| 005 | 20120305090320.0 | ||
| 008 | 111026s2004 viesd | ||
| 020 | |c 37800 | ||
| 041 | 0 | |a vie | |
| 082 | |a 005.3 |b NG-Đ | ||
| 100 | 0 | |a Nguyễn Hữu Điển | |
| 245 | 0 | |a Latex với gói lệnh và phần mềm công cụ |c Nguyễn Hữu Điển | |
| 260 | |a H. |b Đại học Quốc gia Hà Nội |c 2004 | ||
| 300 | |a 318tr. |b bảng |c 24 cm | ||
| 520 | |a Giới thiệu những điều cơ bản nhất khi sử dụng Latex như: Cấu trúc văn bản, lệnh và môi trường, văn bản toán học, những lỗi khi sử dụng Latex, công cụ định dạng cơ bản, các dạng bảng biểu, vẽ hình và quản lí hình vẽ, tra cứu, chỉ dẫn, sử dụng phần mềm PCTex và Miktex | ||
| 653 | |a Chương trình máy tính | ||
| 653 | |a Sử dụng | ||
| 653 | |a Phần mềm LATEX | ||
| OWN | |a LSP | ||
| AVA | |a UDN50 |b LSP |d 005.3 NG-Đ |e check_holdings |t Error 5003 Not defined in file expand_doc_bib_avail. |h N |k 1 | ||
| 999 | |a From the UDN01 | ||
| AVA | |a UDN50 |b LSP |d 005.3 NG-Đ |e available |t Error 5001 Not defined in file expand_doc_bib_avail. |f 11 |g 0 |h N |i 0 |k 1 | ||
| TYP | |a Monograph | ||
| TYP | |a Printed language | ||
| 980 | |a Mạng thư viện Đại học Đà Nẵng | ||